Lista de comprobación ergonómica= Ergonomic checkpoints : soluciones prácticas y de sencilla aplicación para mejorar la seguridad, la salud y las condiciones de trabajo

Αποθηκεύτηκε σε:
Λεπτομέρειες βιβλιογραφικής εγγραφής
Συλλογικό Έργο: OIT, Asociación Internacional de Ergonomía
Μορφή: Βιβλίο
Γλώσσα:Spanish
Έκδοση: Madrid : Organización Internacional del Trabajo 2000
Θέματα:
Ετικέτες: Προσθήκη ετικέτας
Δεν υπάρχουν, Καταχωρήστε ετικέτα πρώτοι!

MARC

LEADER 00000nam a2200000Ia 4500
003 L000804
005 20221231144009.0
008 140114s2000 sp a 000 ||spa d
040 |c cru CEDI 
082 |a 613.62 L773-l 
110 |9 19789  |a OIT  
245 |a Lista de comprobación ergonómica= Ergonomic checkpoints : soluciones prácticas y de sencilla aplicación para mejorar la seguridad, la salud y las condiciones de trabajo  
246 |a  Ergonomic checkpoints  
260 |a Madrid : Organización Internacional del Trabajo  |c 2000 
300 |a xxvii, 275 páginas : ilustraciones 
500 |a Título en inglés: Ergonomic checkpoints : practical and easy-to-implement solutions for improving safety, health and working conditions 
501 |a Traducción al español por el Instituto Nacional de Seguridad e Higiene en el Trabajo 
650 |x INGENIERÍA HUMANA   |x SEGURIDAD INDUSTRIAL   |x  MEDIDAS DE SEGURIDAD  |9 19791 
710 |9 19790  |a Asociación Internacional de Ergonomía 
942 |2 ddc  |c BK 
999 |c 15374  |d 15374